[Event "Merida World Heritage op 1st"]
[Site "Merida"]
[Date "2021.08.06"]
[Round "5"]
[White "Ribeiro, Orlando Camilo Duar"]
[Black "Iglesias Ferreira, Andres"]
[Result "1/2-1/2"]
[WhiteElo "1898"]
[BlackElo "2112"]
[PlyCount "130"]
[EventDate "2021.08.04"]
[EventType "swiss"]
[EventRounds "9"]
[EventCountry "ESP"]
[SourceTitle "EXT 2023"]
[Source "ChessBase"]
[SourceDate "2022.10.05"]
[SourceVersion "1"]
[SourceVersionDate "2022.10.05"]
[SourceQuality "1"]

1. e4 c5 2. Nf3 e6 3. d4 cxd4 4. Nxd4 a6 5. Nc3 Qc7 6. g3 Nf6 7. Bg2 Nc6 8. Nb3 Be7 9. 0-0 0-0 10. f4 d6 11. Be3 b5 12. a3 Bb7 13. Qe2 Nd7 14. Qf2 Rac8 15. Rfd1 Na5 16. Nxa5 Qxa5 17. Qd2 Qc7 18. e5 d5 19. Qf2 Bc5 20. Bxc5 Nxc5 21. Qd4 Nd7 22. Bf1 Nb6 23. Rd2 Qc6 24. Rf2 Nc4 25. Nd1 Qc5 26. Qxc5 Rxc5 27. Bxc4 bxc4 28. c3 Rb8 29. Ne3 Rb5 30. Rd1 Kf8 31. Rdd2 g6 32. g4 Bc6 33. g5 Rb3 34. Ng2 Rd8 35. Rd4 Rdb8 36. Rdd2 Ke7 37. Ne1 d4 38. Rxd4 Rxb2 39. Rxb2 Rxb2 40. Rxc4 Kd7 41. Nd3 Rg2+ 42. Kf1 Rxh2 43. Nc5+ Ke7 44. Ke1 Bb5 45. Rb4 Rc2 46. a4 Bc6 47. Rb6 Bd5 48. Rxa6 Rxc3 49. Ra7+ Kd8 50. Nb7+ Bxb7 51. Rxb7 Rc4 52. Rxf7 Rxa4 53. Ke2 Ke8 54. Rxh7 Rxf4 55. Rg7 Re4+ 56. Kf3 Rxe5 57. Rxg6 Kf7 58. Rf6+ Kg7 59. Kf4 Re1 60. Kg4 Rg1+ 61. Kf4 Rf1+ 62. Ke5 Rxf6 63. gxf6+ Kf7 64. Ke4 Kxf6 65. Kf4 e5+ 1/2-1/2

[Event "Famalicao op 8th"]
[Site "Vila Nova de Famalicao"]
[Date "2021.07.26"]
[Round "2"]
[White "Ribeiro, Orlando Camilo Duar"]
[Black "Perdomo, Leandro Daniel"]
[Result "0-1"]
[WhiteElo "1898"]
[BlackElo "2461"]
[PlyCount "84"]
[EventDate "2021.07.26"]
[EventType "swiss"]
[EventRounds "9"]
[EventCountry "POR"]
[SourceTitle "CBM 203 Extra"]
[Source "ChessBase"]
[SourceDate "2021.09.30"]
[SourceVersion "1"]
[SourceVersionDate "2021.09.30"]
[SourceQuality "1"]

1. e4 e5 2. Nf3 Nc6 3. Bc4 Nf6 4. d3 Be7 5. c3 0-0 6. Nbd2 d5 7. exd5 Nxd5 8. 0-0 Nb6 9. h3 Nxc4 10. Nxc4 Bf6 11. Re1 Re8 12. d4 exd4 13. Rxe8+ Qxe8 14. cxd4 Qe4 15. Be3 Be6 16. Rc1 Rd8 17. Ncd2 Qg6 18. Kh1 Bd5 19. Qa4 a6 20. Qa3 h6 21. Qc3 Rd7 22. Rg1 a5 23. b3 Qf5 24. a3 Be7 25. Ra1 b5 26. Qb2 Rd6 27. Kh2 Rg6 28. Rg1 Bd6+ 29. Kh1 Rf6 30. a4 bxa4 31. bxa4 Qh5 32. Qb5 Rf5 33. Qa6 Bxf3 34. Nxf3 Rxf3 35. Qc8+ Kh7 36. gxf3 Qxf3+ 37. Rg2 h5 38. Bh6 Qd1+ 39. Rg1 Qf3+ 40. Rg2 Ne7 41. Qf8 Nf5 42. Qxf7 Ng3+ 0-1

[Event "Pombal op 11th"]
[Site "Pombal"]
[Date "2020.10.03"]
[Round "2"]
[White "Correia, Mario Rui Costa"]
[Black "Ribeiro, Orlando Camilo Duar"]
[Result "0-1"]
[WhiteElo "2085"]
[BlackElo "1790"]
[PlyCount "50"]
[EventDate "2020.10.02"]
[EventType "swiss"]
[EventRounds "7"]
[EventCountry "POR"]
[SourceTitle "CBM 198 Extra"]
[Source "ChessBase"]
[SourceDate "2020.11.30"]
[SourceVersion "1"]
[SourceVersionDate "2020.11.30"]
[SourceQuality "1"]

1. c4 e6 2. g3 d5 3. Bg2 Nf6 4. d4 Be7 5. Nf3 0-0 6. 0-0 dxc4 7. a4 Bd7 8. Ne5 Bc6 9. Nxc6 Nxc6 10. Bxc6 bxc6 11. Na3 Qd5 12. Bf4 Rab8 13. Qc2 Bxa3 14. Rxa3 Qxd4 15. Rc3 Nd5 16. Rxc4 Rxb2 17. Qc1 Nxf4 18. gxf4 Qf6 19. Rxc6 Rxe2 20. Rxc7 h5 21. Rd1 Qh4 22. Qc5 Qg4+ 23. Kf1 Rxf2+ 24. Kxf2 Qxd1 25. Qxa7 Rd8 0-1

[Event "Famalicao op 6th"]
[Site "Famalicao"]
[Date "2018.07.31"]
[Round "4"]
[White "Ribeiro, Orlando Camilo Duar"]
[Black "Areal, Maria Beatriz Moura"]
[Result "1-0"]
[WhiteElo "1443"]
[BlackElo "1005"]
[PlyCount "109"]
[EventDate "2018.07.29"]
[EventType "swiss"]
[EventRounds "9"]
[EventCountry "POR"]
[SourceTitle "CBM 185 Extra"]
[Source "ChessBase"]
[SourceDate "2018.07.29"]
[SourceVersion "1"]
[SourceVersionDate "2018.07.29"]
[SourceQuality "1"]

1. e4 e5 2. Nf3 Nf6 3. Nxe5 d6 4. Nf3 Nxe4 5. Bc4 Be7 6. 0-0 0-0 7. Re1 d5 8. Qe2 Be6 9. Bb3 Nc6 10. d3 Nc5 11. Nc3 Nxb3 12. axb3 Bg4 13. Ra4 Be6 14. Bf4 a6 15. Rea1 Bf6 16. Ne5 Ne7 17. b4 Bxe5 18. Bxe5 Ng6 19. b5 Bd7 20. Bg3 Re8 21. Qd2 Rc8 22. Rd4 c6 23. bxa6 Qb6 24. axb7 Qxb7 25. b3 Rcd8 26. Rda4 Bg4 27. h3 Bd7 28. Ra7 Qb4 29. R1a4 Qe7 30. Ra1 Qf6 31. d4 Re7 32. Ra8 Rde8 33. R1a7 Rxa8 34. Rxa8+ Re8 35. Rxe8+ Bxe8 36. Qe3 Qd8 37. Na4 Bd7 38. Nc5 Nf8 39. Nd3 h6 40. Bf4 Ng6 41. Kh2 Qa8 42. Nc5 Bf5 43. c3 Kh7 44. g4 Bc8 45. Bg3 Qa2 46. Kg2 Nf8 47. Qe8 Ne6 48. Qxc8 Nxc5 49. dxc5 Qxb3 50. Qxc6 Qc4 51. Qc8 Qxc3 52. Qf5+ Kh8 53. Qxd5 Kg8 54. c6 Qb4 55. c7 1-0

[Event "Famalicao op 6th"]
[Site "Famalicao"]
[Date "2018.07.29"]
[Round "1"]
[White "Vassallo Barroche, Mauricio"]
[Black "Ribeiro, Orlando Camilo Duar"]
[Result "1-0"]
[WhiteElo "2386"]
[BlackElo "1443"]
[PlyCount "71"]
[EventDate "2018.07.29"]
[EventType "swiss"]
[EventRounds "9"]
[EventCountry "POR"]
[SourceTitle "CBM 185 Extra"]
[Source "ChessBase"]
[SourceDate "2018.07.29"]
[SourceVersion "1"]
[SourceVersionDate "2018.07.29"]
[SourceQuality "1"]

1. d4 d5 2. c4 e6 3. Nf3 Nf6 4. g3 Nbd7 5. Qc2 dxc4 6. Qxc4 Bd6 7. Bg2 0-0 8. 0-0 Re8 9. Nc3 c6 10. Rd1 Nb6 11. Qd3 Qc7 12. Bg5 Nfd5 13. Ne4 h6 14. Nxd6 Qxd6 15. Bd2 Nd7 16. e4 N5b6 17. Bf4 Qb4 18. Qe2 c5 19. Bd6 Na4 20. dxc5 Qxb2 21. Qxb2 Nxb2 22. Rd4 e5 23. Rb4 Nd3 24. Rc4 b6 25. c6 Re6 26. cxd7 Ba6 27. Rc8+ Rxc8 28. dxc8Q+ Bxc8 29. Bb8 Bb7 30. Ne1 Nc5 31. f3 a6 32. Rd1 Re8 33. Ba7 Na4 34. Rd6 b5 35. Bh3 Nc3 36. Rb6 1-0

[Event "POR-ch U16"]
[Site "Luso"]
[Date "2018.03.28"]
[Round "7"]
[White "Ribeiro, Orlando Camilo Duar"]
[Black "Oliveira, Maria Alice Ramos"]
[Result "1-0"]
[WhiteElo "1462"]
[BlackElo "1620"]
[PlyCount "95"]
[EventDate "2018.03.24"]
[EventType "swiss"]
[EventRounds "7"]
[EventCountry "POR"]
[SourceTitle "EXT 2019"]
[Source "ChessBase"]
[SourceDate "2018.10.10"]
[SourceVersion "1"]
[SourceVersionDate "2018.10.10"]
[SourceQuality "1"]

1. e4 e5 2. Nf3 Nc6 3. Bc4 Bc5 4. c3 Nf6 5. d4 exd4 6. e5 d5 7. Be2 Ne4 8. cxd4 Bb4+ 9. Bd2 Nxd2 10. Nbxd2 0-0 11. 0-0 f6 12. exf6 Rxf6 13. a3 Bd6 14. h4 Kh8 15. Nb3 Bf5 16. g3 h6 17. h5 Ne7 18. Ne5 c6 19. g4 Bh7 20. Qd2 Qc7 21. f4 Raf8 22. Kg2 Be4+ 23. Kg3 b6 24. Qc3 Bxe5 25. dxe5 R6f7 26. Nd4 Qc8 27. Rac1 c5 28. Nb5 d4 29. Qd2 Qe6 30. Nd6 Nd5 31. Nxf7+ Rxf7 32. Bc4 b5 33. Bxd5 Qxd5 34. Rce1 Qb3+ 35. Kh2 Qd5 36. f5 Qxe5+ 37. Rf4 Qf6 38. Rexe4 Qh4+ 39. Kg2 Kh7 40. Qd3 a6 41. Re8 Qf6 42. Rfe4 Rd7 43. R4e6 c4 44. Qe4 Qg5 45. f6+ g6 46. R6e7+ Rxe7 47. Rxe7+ Kh8 48. Qa8# 1-0

[Event "Famalicao op 5th"]
[Site "Famalicao"]
[Date "2017.08.03"]
[Round "7"]
[White "Ribeiro, Orlando Camilo Duar"]
[Black "Borges, Rafael Peres"]
[Result "0-1"]
[WhiteElo "1500"]
[BlackElo "1222"]
[PlyCount "88"]
[EventDate "2017.07.29"]
[EventType "swiss"]
[EventRounds "9"]
[EventCountry "POR"]
[SourceTitle "EXT 2018"]
[Source "ChessBase"]
[SourceDate "2017.10.13"]
[SourceVersion "1"]
[SourceVersionDate "2017.10.13"]
[SourceQuality "1"]

1. e4 e5 2. Nf3 Nc6 3. Bc4 Bc5 4. c3 d6 5. d3 Nf6 6. 0-0 h6 7. Bb3 0-0 8. h3 Be6 9. Bc2 Qd7 10. Nbd2 Ne7 11. Re1 Ng6 12. Nf1 Bxh3 13. gxh3 Qxh3 14. N1h2 Nh4 15. Nxh4 Qxh4 16. Qf3 Rfe8 17. Be3 Bxe3 18. fxe3 Rad8 19. Kg2 Re6 20. Bb3 d5 21. exd5 Nxd5 22. Bxd5 Rf6 23. Qg3 Qxg3+ 24. Kxg3 Rxd5 25. d4 exd4 26. exd4 Rg5+ 27. Kh3 Kf8 28. Re4 Rh5+ 29. Kg3 Rg6+ 30. Rg4 Rxg4+ 31. Nxg4 Rg5 32. Kh4 f5 33. Rf1 Rxg4+ 34. Kh3 g6 35. b3 Re4 36. Rf3 f4 37. Kg4 g5 38. Rh3 Kg7 39. Rh2 Kg6 40. Rf2 h5+ 41. Kh3 g4+ 42. Kh4 Re3 43. Rh2 Rxc3 44. Rc2 Rh3# 0-1

[Event "Famalicao op 5th"]
[Site "Famalicao"]
[Date "2017.07.29"]
[Round "1"]
[White "Petkov, Vladimir"]
[Black "Ribeiro, Orlando Camilo Duar"]
[Result "1-0"]
[WhiteElo "2489"]
[BlackElo "1500"]
[PlyCount "42"]
[EventDate "2017.07.29"]
[EventType "swiss"]
[EventRounds "9"]
[EventCountry "POR"]
[SourceTitle "EXT 2018"]
[Source "ChessBase"]
[SourceDate "2017.10.13"]
[SourceVersion "1"]
[SourceVersionDate "2017.10.13"]
[SourceQuality "1"]

1. d4 d5 2. c4 Nf6 3. Nc3 e6 4. Nf3 Be7 5. Bg5 h6 6. Bh4 0-0 7. e3 Nbd7 8. Rc1 dxc4 9. Bxc4 c6 10. 0-0 Nb6 11. Bd3 Nfd5 12. Bxe7 Qxe7 13. Ne4 Nb4 14. Bb1 N4d5 15. Qd2 Nd7 16. Rfd1 e5 17. Ng3 exd4 18. e4 N5f6 19. Qxd4 Re8 20. Nf5 Qe6 21. Qc3 Nxe4 1-0

[Event "Famalicao op 4th"]
[Site "Famalicao"]
[Date "2016.08.04"]
[Round "6"]
[White "Silva, Mariana Sofia Teixe"]
[Black "Ribeiro, Orlando Camilo Duar"]
[Result "1-0"]
[WhiteElo "1850"]
[BlackElo "1375"]
[PlyCount "53"]
[EventDate "2016.07.30"]
[EventType "swiss"]
[EventRounds "7"]
[EventCountry "POR"]
[SourceTitle "CBM 173 Extra"]
[Source "ChessBase"]
[SourceDate "2016.08.29"]
[SourceVersion "1"]
[SourceVersionDate "2016.08.29"]
[SourceQuality "1"]

1. e4 e5 2. Nf3 Nc6 3. d4 exd4 4. Nxd4 Bc5 5. Be3 Qf6 6. c3 Nge7 7. Bc4 0-0 8. 0-0 Nxd4 9. cxd4 Bb6 10. Nc3 d6 11. Qd2 Nc6 12. Nd5 Qd8 13. Bb3 Re8 14. Bc2 Be6 15. Nxb6 axb6 16. d5 Ne5 17. dxe6 Rxe6 18. Bd4 Ng6 19. Bc3 Qh4 20. Qe3 Kh8 21. Qg3 Qe7 22. f4 Rxe4 23. Bxe4 Qxe4 24. f5 Ne5 25. Rae1 Qd5 26. Bxe5 dxe5 27. Qxe5 1-0

[Event "Famalicao op 4th"]
[Site "Famalicao"]
[Date "2016.08.02"]
[Round "4"]
[White "Gomez Carreno, Martin"]
[Black "Ribeiro, Orlando Camilo Duar"]
[Result "1-0"]
[WhiteElo "1883"]
[BlackElo "1375"]
[PlyCount "53"]
[EventDate "2016.07.30"]
[EventType "swiss"]
[EventRounds "7"]
[EventCountry "POR"]
[SourceTitle "CBM 173 Extra"]
[Source "ChessBase"]
[SourceDate "2016.08.29"]
[SourceVersion "1"]
[SourceVersionDate "2016.08.29"]
[SourceQuality "1"]

1. d4 d5 2. e3 Nf6 3. Bd3 e6 4. f4 Be7 5. Nf3 0-0 6. 0-0 Nbd7 7. Nbd2 Re8 8. Ne5 Nxe5 9. fxe5 Nd7 10. Bxh7+ Kxh7 11. Qh5+ Kg8 12. Qxf7+ Kh8 13. Rf3 Bg5 14. Rh3+ Bh6 15. Nf3 Qe7 16. Qh5 Rf8 17. e4 Qe8 18. Qg4 Nf6 19. exf6 Rxf6 20. e5 Rg6 21. Qh5 Kg8 22. Bxh6 gxh6 23. Rg3 Kh7 24. Nh4 Rg8 25. Qxe8 Rxe8 26. Rf1 Bd7 27. Rf7+ 1-0